000 00470nam a2200181Ia 4500
001 17005
005 20260306170353.0
008 260306t2022||||xx |||||||||||||| ||und||
041 _aESP
082 _a657.42
_bG24
100 _aGarcía Quispe, José Luis
_eAUT
245 0 _aCostos de importación:
_bdespacho anticipado NIC-2-16-21-IGV-PCGE
260 _c2022
300 _a142 páginas :
_c24 cm.
650 _aGEN
654 _aCCO
942 _cLIB
_dJUS
_fJUS
_2ddc
_n
999 _c17005
_d17005